<?xml version="1.0" encoding="UTF-8"?>
<record
    xmlns:xsi="http://www.w3.org/2001/XMLSchema-instance"
    xsi:schemaLocation="http://www.loc.gov/MARC21/slim http://www.loc.gov/standards/marcxml/schema/MARC21slim.xsd"
    xmlns="http://www.loc.gov/MARC21/slim">

  <leader>01840njm a2200349Ia 4500</leader>
  <controlfield tag="001">24575</controlfield>
  <controlfield tag="003">IT-RoPAU</controlfield>
  <controlfield tag="005">20220918181113.0</controlfield>
  <controlfield tag="008">131025s9999    xx            000 0 und d</controlfield>
  <datafield tag="040" ind1=" " ind2=" ">
    <subfield code="a">IT-RoPAU</subfield>
  </datafield>
  <datafield tag="040" ind1=" " ind2=" ">
    <subfield code="c">IT-RoPAU</subfield>
  </datafield>
  <datafield tag="999" ind1=" " ind2=" ">
    <subfield code="c">99171</subfield>
    <subfield code="d">99171</subfield>
  </datafield>
  <datafield tag="999" ind1=" " ind2=" ">
    <subfield code="b">n.d.</subfield>
  </datafield>
  <datafield tag="100" ind1=" " ind2=" ">
    <subfield code="a">AA.VV.</subfield>
    <subfield code="9">794</subfield>
  </datafield>
  <datafield tag="100" ind1=" " ind2=" ">
    <subfield code="e">Autore musica</subfield>
    <subfield code="9">10644</subfield>
  </datafield>
  <datafield tag="100" ind1=" " ind2=" ">
    <subfield code="g">Codice autore musica SPICS: 12000</subfield>
    <subfield code="9">796</subfield>
  </datafield>
  <datafield tag="245" ind1=" " ind2=" ">
    <subfield code="a">Musica di Theodorakis (La)</subfield>
  </datafield>
  <datafield tag="250" ind1=" " ind2=" ">
    <subfield code="a">1a ed.</subfield>
  </datafield>
  <datafield tag="260" ind1=" " ind2=" ">
    <subfield code="a">MILANO</subfield>
  </datafield>
  <datafield tag="260" ind1=" " ind2=" ">
    <subfield code="b">RI - FI RECORD COMPANY</subfield>
    <subfield code="c">1971 [1a Ed.:1971 - Ed. Lingua Orig.: 1971]</subfield>
  </datafield>
  <datafield tag="300" ind1=" " ind2=" ">
    <subfield code="a">DISCO</subfield>
  </datafield>
  <datafield tag="300" ind1=" " ind2=" ">
    <subfield code="c">32 minuti (Testo:  pag.)</subfield>
  </datafield>
  <datafield tag="500" ind1=" " ind2=" ">
    <subfield code="a">Musica strumentale: archi magici di Ezio Leoni e Enrico Intra</subfield>
  </datafield>
  <datafield tag="505" ind1=" " ind2=" ">
    <subfield code="a">Aspetta voce mia (4:00) - Il sogno &#xE8; fumo (4:00) - Il mio aprile (3:00) - Un fiume amaro (6:00) - Per te (3:00) - Il tuo sorriso nella notte (3:00) - Cantico dei cantici (6:00) - Sul nostro giorno amaro (4:00) - Il ragazzo che sorride (3:00)</subfield>
  </datafield>
  <datafield tag="650" ind1=" " ind2=" ">
    <subfield code="a">STRUMENTALE [DISCHI]</subfield>
    <subfield code="e">Codice MATERIA SPICS: 9950</subfield>
    <subfield code="9">828</subfield>
  </datafield>
  <datafield tag="700" ind1=" " ind2=" ">
    <subfield code="a">Theodorakis Mikis</subfield>
    <subfield code="e">Autore testo/musica e inteprete</subfield>
    <subfield code="g">Codice autore testo/musica e interprete SPICS: 11170</subfield>
    <subfield code="9">10645</subfield>
  </datafield>
  <datafield tag="700" ind1=" " ind2=" ">
    <subfield code="a">Christodoulou Dimitri</subfield>
    <subfield code="e">Autore musica</subfield>
    <subfield code="g">Codice autore musica SPICS: 27441</subfield>
    <subfield code="p">Aspetta voce mia - Un fiume amaro - Per te - </subfield>
    <subfield code="9">10646</subfield>
  </datafield>
  <datafield tag="700" ind1=" " ind2=" ">
    <subfield code="a">Tuminelli Sandro</subfield>
    <subfield code="e">Autore musica</subfield>
    <subfield code="g">Codice autore musica SPICS: 25258</subfield>
    <subfield code="p">Aspetta voce mia - Il sogno &#xE8; fumo - Un fiume amaro - Cantico dei cantici - Sul nostro giorno amaro</subfield>
    <subfield code="9">10647</subfield>
  </datafield>
  <datafield tag="700" ind1=" " ind2=" ">
    <subfield code="a">Nohra A.</subfield>
    <subfield code="e">Autore musica</subfield>
    <subfield code="g">Codice autore musica SPICS: 27442</subfield>
    <subfield code="p">Il mio aprile - Per te</subfield>
    <subfield code="9">10648</subfield>
  </datafield>
  <datafield tag="700" ind1=" " ind2=" ">
    <subfield code="a">Mogol (Rapetti Giulio)</subfield>
    <subfield code="e">Autore musica</subfield>
    <subfield code="g">Codice autore musica SPICS: 13643</subfield>
    <subfield code="p">Il tuo sorriso nella notte</subfield>
    <subfield code="9">10649</subfield>
  </datafield>
  <datafield tag="700" ind1=" " ind2=" ">
    <subfield code="a">Pallavicini Vito</subfield>
    <subfield code="e">Autore musica</subfield>
    <subfield code="g">Codice autore musica SPICS: 13656</subfield>
    <subfield code="p">Il ragazzo che sorride</subfield>
    <subfield code="9">10650</subfield>
  </datafield>
  <datafield tag="942" ind1=" " ind2=" ">
    <subfield code="c">MD</subfield>
    <subfield code="2">ddc</subfield>
  </datafield>
  <datafield tag="952" ind1=" " ind2=" ">
    <subfield code="0">0</subfield>
    <subfield code="1">0</subfield>
    <subfield code="4">0</subfield>
    <subfield code="6">24575_000000000000000</subfield>
    <subfield code="7">1</subfield>
    <subfield code="a">SPICS</subfield>
    <subfield code="b">SPICS</subfield>
    <subfield code="d">2013-10-25</subfield>
    <subfield code="l">0</subfield>
    <subfield code="o">24575</subfield>
    <subfield code="r">2013-10-25 00:00:00</subfield>
    <subfield code="w">2013-10-25</subfield>
    <subfield code="y">MD</subfield>
    <subfield code="z">Progr. Ins.: 5270 / N.Vol.: 1 / Copie: 1 - Copia rara: n.d. / date import: 01.01.2014 - By Epidotti, Trombetti, Vaglietti</subfield>
  </datafield>
</record>
